Województwa Polski według podziału Pixelka - Statystyki

Ogólne statystyki
  • Ten quiz został rozwiązany 33 razy
  • Średni wynik to 17 z 20
Odpowiedzi na mapie
Odpowiedzi zakodowano w zielono-czerwonej skali na mapie do tego quizu, zgodnie z poniższymi procentami.
 
Statystyki odpowiedzi
Województwo % Poprawnych
lubelskie
96%
małopolskie
96%
mazowieckie
96%
podlaskie
96%
pomorskie
96%
wielkopolskie
96%
zachodniopomorskie
96%
dolnośląskie
92%
górnośląskie
92%
łódzkie
92%
opolskie
92%
podkarpackie
92%
świętokrzyskie
92%
kujawsko-pomorskie
88%
gorzowskie
85%
zielonogórskie
85%
warmińskie
81%
częstochowskie
77%
radomskie
77%
mazursko-suwalskie
15%
Nie znaleziono quizów pasujących do podanych kryteriów
Rozkład punktacji
Procent ludzi z każdym wynikiem
Percentyl według liczby udzielonych odpowiedzi
Twoja historia wyników
Nie rozwiązałeś tego quizu